فقیدہ کا فن اور اردو قصیدہ نگاری / (Record no. 106181)

MARC details
000 -LEADER
fixed length control field 00848nam a22002537a 4500
005 - DATE AND TIME OF LATEST TRANSACTION
control field 20170123162304.0
010 ## - LIBRARY OF CONGRESS CONTROL NUMBER
LC control number A-373037
020 ## - INTERNATIONAL STANDARD BOOK NUMBER
Terms of availability 50.00
035 ## - SYSTEM CONTROL NUMBER
System control number A-373037
037 ## - SOURCE OF ACQUISITION
Source of stock number/acquisition Cen Lib/Ret
040 ## - CATALOGING SOURCE
Original cataloging agency DPL
Language of cataloging UR
082 ## - DEWEY DECIMAL CLASSIFICATION NUMBER
Classification number 841.08
Item number ا ی م
100 ## - MAIN ENTRY--PERSONAL NAME
Personal name ایم کملددیں
9 (RLIN) 108592
245 ## - TITLE STATEMENT
Title فقیدہ کا فن اور اردو قصیدہ نگاری /
Statement of responsibility, etc ایم کملددیں
246 ## - VARYING FORM OF TITLE
Title proper/short title Qaseeda ka fan aur urdu qaseedangari /
Remainder of title by M. Kamaluddin
260 ## - PUBLICATION, DISTRIBUTION, ETC. (IMPRINT)
Place of publication, distribution, etc دربھنگا
Name of publisher, distributor, etc دربھنگا بک ہاؤس
Date of publication, distribution, etc 1988
270 ## - ADDRESS
City دربھنگا
Address قلہ گھات
300 ## - PHYSICAL DESCRIPTION
Extent 256p.
Dimensions 20cm(Hb)
650 ## - SUBJECT ADDED ENTRY--TOPICAL TERM
Topical term or geographic name as entry element اردو ادب
9 (RLIN) 108593
650 ## - SUBJECT ADDED ENTRY--TOPICAL TERM
Topical term or geographic name as entry element اردو شیعاری
9 (RLIN) 108594
650 ## - SUBJECT ADDED ENTRY--TOPICAL TERM
Topical term or geographic name as entry element Urdu litarature
9 (RLIN) 108595
650 ## - SUBJECT ADDED ENTRY--TOPICAL TERM
Topical term or geographic name as entry element Urdu poetry
9 (RLIN) 108596
942 ## - ADDED ENTRY ELEMENTS (KOHA)
Source of classification or shelving scheme Dewey Decimal Classification
Koha item type Urdu Bks
Classification part 841.08
Call number suffix ا ی م
Holdings
Withdrawn status Lost status Damaged status Not for loan Home library Current library Date acquired Source of acquisition Cost, normal purchase price Total Checkouts Full call number Barcode Date last seen Date checked out Copy number Cost, replacement price Price effective from Koha item type
        Central Library Central Library 15/12/2015 Cen Lib/Ret 50.00 2 841.08 ا ی م A-373037 06/03/2020 02/02/2020 1 50.00 15/12/2015 Urdu Bks

© Delhi Public Library
Hit Counter
free hit counter